200 séries télé - Statistiques

Statistiques générales
  • Ce quiz a été pris 172 fois
  • Le résultat moyen est 28 sur 200
Statistiques - réponses
Répondre % Correct
Friends
66%
Les 100
66%
Prison break
65%
Squid game
61%
Breaking bad
52%
Stranger things
52%
Grey's anatomy
48%
Lie to me
46%
The walking dead
46%
Game of Thrones
44%
Dr. House
43%
Malcolm
43%
Desperate Housewives
42%
Gossip girl
41%
Mad Men
40%
Charmed
39%
Orange is the New Black
39%
The Good Doctor
39%
Buffy contre les vampires
38%
The Vampire diaries
38%
Elite
37%
Lost
37%
The big bang theory
36%
You
35%
Pretty little liars
34%
Riverdale
34%
Peaky Blinders
32%
13 reasons why
31%
Gilmore Girls
31%
Ma famille d'abord
28%
Teen wolf
28%
Les frères Scott
27%
How I met your mother
26%
Les Experts
26%
Mercredi
25%
Qui ment ?
25%
Urgences
25%
Dexter
24%
90210 Beverly hills
22%
Mentalist
22%
The Office
22%
Vikings
22%
Arrow
21%
Doctor Who
21%
Narcos
21%
Sex Education
21%
The Crown
21%
Dynastie
20%
La casa del Papel
20%
Monk
20%
Smallville
20%
X Files
19%
Black mirror
18%
Glee
18%
House of the dragon
18%
La Chronique des Bridgerton
18%
Once upon a Time
18%
Umbrella academy
18%
Chicago Fire
17%
Emily in Paris
17%
House of cards
17%
Sherlock
17%
Dark
16%
The Originals
16%
Supernatural
15%
American Horror story
14%
Bones
14%
Euphoria
14%
Murder
14%
Sex and the city
14%
Shameless
14%
Suits
14%
7 à la maison
13%
Brooklyn nine nine
13%
Modern family
13%
Une nounou d'enfer
13%
Esprits criminels
12%
Ghost Whisperer
12%
Heroes
12%
Les Soprano
12%
SWAT
12%
The boys
12%
Un, dos, tres
12%
Better call Saul
11%
Blacklist
11%
Chicago Med
11%
Ginny et Georgia
11%
Le jeu de la dame
11%
Under the dome
11%
Columbo
10%
Downton Abbey
10%
Legacies
10%
Le prince de Bel Air
10%
L'été ou je suis devenue jolie
10%
New York Unité Spéciale
10%
Alerte Cobra
9%
Castle
9%
Chernobyl
9%
Cold case
9%
Empire
9%
Fargo
9%
Hannibal
9%
Mon oncle Charlie
9%
Scrubs
9%
Sons of Anarchy
9%
Stargate
9%
Veronica Mars
9%
Walker, Texas ranger
9%
Community
8%
Gotham
8%
Homeland
8%
Kyle XY
8%
Rome
8%
The last of us
8%
The society
8%
True Blood
8%
Ally McBeal
7%
Atypical
7%
Ozark
7%
Skins
7%
Star trek
7%
The Night Agent
7%
The Witcher
7%
Ugly Betty
7%
24 heures chrono
6%
Californication
6%
Dahmer
6%
Elementary
6%
Grimm
6%
Hawaii 5-0
6%
Sur écoute
6%
The Shield
6%
Alias
5%
Drop Dead Diva
5%
Fringe
5%
From
5%
Ma sorcière bien aimée
5%
Mes premières fois
5%
Misfits
5%
On my block
5%
Chuck
4%
FBI Portés disparus
4%
Le destin de Lisa
4%
Nip Tuck
4%
Six pieds sous terre
4%
The Resident
4%
Blindspot
3%
Bull
3%
Carnival Row
3%
Citadel
3%
Cruel summer
3%
Fallout
3%
Frères d'armes
3%
Les Tudors
3%
Medium
3%
Mindhunter
3%
New York Police Judiciaire
3%
Only murders in the building
3%
Person of interest
3%
Power Rangers
3%
Sabrina l'apprentie sorcière
3%
Spartacus
3%
The last Kingdom
3%
The Punisher
3%
Tulsa King
3%
A la Maison Blanche
2%
Chicago Police Departement
2%
Dune
2%
Entourage
2%
La purge
2%
Motherland
2%
NCIS enquêtes spéciales
2%
Switched
2%
The Good Wife
2%
Weeds
2%
Bosch
1%
Burn Notice
1%
Damages
1%
Deadwood
1%
Dollhouse
1%
Druck
1%
Earl
1%
Friday Night Lights
1%
Godless
1%
Jack Ryan
1%
Largo Winch
1%
Larry et son nombril
1%
Le jeu maudit
1%
Le maître du haut château
1%
Le pouvoir des anneaux
1%
Miss Fisher enquête
1%
Philadelphia
1%
Reacher
1%
Skam
1%
Xena la guerrière
1%
Suburra
0%
The chosen
0%
The Closer
0%
The Corner
0%
The Equalizer
0%
Aucun quiz correspondant
Distribution des résultats
% des personnes avec chaque résultat
Percentile par nombre de réponses
Votre historique - résultats
Vous n’avez pas pris ce quiz